El vaixell de paper. Guia del mestre

Gespeichert in:
Bibliographische Detailangaben
1. Verfasser: Pons Griera, Lidia
Format: keine Angabe
Sprache:Spanisch
Katalanisch
Erschienen: Sant Adrià de Besòs. Barcelona Bruño 1979
Katalog:MANES:  Suchergebnis im Bibliothekskatalog
Schulbuchspezifische Eigenschaften:
Schriftenreihe:El Vaixell
Tags: Tag hinzufügen
Keine Tags, Fügen Sie den ersten Tag hinzu!
Hinzugefügt zu:26.04.2016

MARC

LEADER 000000000a22000000004500
001 01461
003 OSt
008 160427s sp ||||| |||| 00| 0 spa d
040 |c centro_manes 
041 1 |a cat 
691 7 |a PRI 
100 1 |a Pons Griera, Lidia  |9 206 
245 0 0 |a El vaixell de paper. Guia del mestre 
260 3 |a Sant Adrià de Besòs. Barcelona  |b Bruño  |c 1979 
300 |a 16 p.  |c 24x16 cm 
440 |a El Vaixell  |9 196 
500 |a Fecha de publicación tomada del Depósito Legal 
690 7 |a PED 
942 |2 ddc  |c BK 
546 |a España 
999 |c 7435  |d 7435 
999 |c manes:7435  |d 7435